Statistiques concernant Harry Potter questions enchainées FRANCAIS

Cliquez ici pour prendre le quiz!

Statistiques générales

  • Ce quiz a été pris 6 255 fois
    (6 221 depuis la dernière actualisation)
  • Le résultat moyen est 24 sur 33

Statistiques - réponses

QUESTIONSREPONSES% Correct
Comment s'appelle l'auteure d'Harry Potter ?JK Rowling
98%
Nombre qui revient souvent dans l'histoire mais combien y a-t-il de films ?8
86%
Qui est amie avec une fille blonde assez spéciale ?Luna Lovegood
85%
Elle lui a été transmise par son ...Père
85%
Sport dans lequel une équipe est composée de ... joueurs (nombre)7
85%
Quel est le titre du livre qui cinématographiquement a été séparé en 2 parties ?Harry Potter et les reliques de la mort
85%
Elle partage son anniversaire avec lequel de ses personnages ?Harry Potter
84%
Dont la meilleure amie est ?Hermione Granger
84%
Il porte un collier représentant les ...Reliques de la Mort
84%
Qui s'appellait ?James
84%
Elle se mariera avec ?Ron Weasley
83%
Qui a une soeur nommée ?Ginny Weasley
83%
Harry en posède une d'ailleurs mais laquelle ?La cape d'invisibilité
83%
Harry, qui en est un, peut parler le ...Fourchelang
81%
Il est été un bon joueur de ...Quidditch
81%
Qui se trouvait dans quelle pièce ?La Chambre des Secrets
77%
Livre dans lequel Harry Potter et ses amis partent à la recherche des ...Horcruxes
77%
Langue qui contrôle dans le tome 2 un ...Basilic
76%
Dont le père s'appelle ?Xenophilius Lovegood
76%
Pièce crée par ?Salazar Serpentard
75%
Aussi connu sous le nom de ?Voldemort
75%
Ses partisans sont appellés ?Mangemorts
73%
Qui recommence a bruler a partir de quel tome ?4
67%
Il porte tous la ....Marque des tenèbres
66%
Durant la dernière épreuve un élève de Poufsouffle est tué, quel est son prénom ?Cédric
64%
Dont l'héritier est ? (prénoms et nom)Tom Elvis Jedusor
63%
Il est d'ailleurs ami avec le père de quelle famille ?Weasley
59%
Père de combien de garçons ?6
58%
Elle est née le ? (JJ/MM)31/07
55%
Quel est le prénom de son père ?Amos
54%
Qui habitent dans une maison nommée ?Le Terrier
53%
Quel évenement se passe-t-il tout au long du tome ?Le tournoi des trois sorciers
49%
Qui se trouve dans quelle ville ?Loutry Sainte Chaspoule
14%

Distribution des résultats

Percentile par nombre de réponses

% des personnes avec chaque résultat

Votre développement - résultats

Vous n’avez pas pris ce quiz depuis la dernière actualisation